LEADER 01349nam a2200289 u 4500 001 000000112828 003 CaOOAMICUS 005 20090325155913.0 008 080722s2008 it u000 u ita u 020 $z978-88-08-66497-6* 040 $aPUL$bita$dLDB 100 1 $aDelli Priscoli, Lorenzo.$0(OLS)http://pul/name/69490 245 12$aL'eccezione di incostituzionalità: profili processuali /$cLorenzo Delli Priscoli, Paolo Giovanni Demarchi ; prefazione di Paolo Maria Napolitano. 260 $aBologna :$bZanichelli,$cc2008. 300 $axxix, 346 p. ;$c25 cm. 490 1 $aStrumenti del diritto ;$v09 504 $aBibliografia in nota. 610 14$aItalia.$bCorte costituzionale.$0(OLS)http://pul/subject/2393 700 1 $aDemarchi, Paolo Giovanni.$0(OLS)http://pul/name/69489 830 0$aStrumenti del diritto ;$v09.$0(OLS)http://pul/title/136502 850 $aPUL 852 $aPUL$W1$xSL Diritto e Scienze Sociali 3$y79$m342. 45 DELLO 1$j129097$qDDC 21$B128064$CPULBib$Z2$F128064 $H107748 $82 941 1 $a9 960 $aCorte costituzionale (Italia)$92393 996 $6020$z978-88-08-66497-6*$9(OLS)http://pul/number/138562 996 $6245$aL'eccezione di incostituzionalità: profili processuali$9(OLS)http://pul/title/141823 996 $6260$aBologna :$bZanichelli$9(OLS)http://pul/publisher/48255 LEADER 01529nam a2200325 a 4500 001 000000175995 003 CaOOAMICUS 005 20230707170651.0 008 230707s2022 it 001 u ita r 020 $a978-88-28-83509-7* 032 $aLibriCat 040 $aPUL$bita 082 04$a346.4504 100 1 $aCarbone, Enrico,$d1966-$0(OLS)http://pul/name/110312 245 10$aDei diritti e degli obblighi del possessore nella restituzione della cosa :$b[Artt. 1148-1152] /$cEnrico Carbone. 260 $aMilano :$bGiuffrè Francis Lefebvre,$c©2022. 300 $aXXII, 249 pagine ;$c25 cm. 490 1 $aIl Codice civile.$aCommentario$aArtt. 1148-1152 504 $aBibliografia in nota. 650 4$aPossesso (diritto).$0(OLS)http://pul/subject/18430 650 4$aCodice civile$zItalia$xCommenti.$0(OLS)http://pul/subject/33992 830 3$aIl Codice civile.$pCommentario ;$vArtt. 1148-1152.$0(OLS)http://pul/title/53143 850 $aPUL 852 $aPUL$W1$xSL Diritto e Scienze Sociali 3$y79$m300 A 1.1148$j200163$qDDC 21$B204945$CPULBib$Z2$F204945 $H136392 $82 941 1 $a9 996 $6020$a978-88-28-83509-7*$9(OLS)http://pul/number/169236 996 $6082$a346.4504$9(OLS)http://pul/classification/1822 996 $6245$aDei diritti e degli obblighi del possessore nella restituzione della cosa :$b[Artt. 1148-1152]$9(OLS)http://pul/title/217489 996 $6260$aMilano :$bGiuffrè Francis Lefebvre$9(OLS)http://pul/publisher/86917